000 01423naa a22003497u 4500
001 04271
003 HDC
007 cr bn ---aaaaa
008 210116t2010 flu 000 0 eng
020 _a9781420046335 (hardcover : alk. paper)
040 _aHDC
100 _aBordajandi, Luisa Ramos
_eauthor
_94414
245 0 _aHandbook of seafood and seafood products analysis : Chapter 40
_bVeterinary Drugs /
_cby Luisa Ramos Bordajandi, Belén Gómara, and María José González ; edited by Leo M.L. Nollet, Fidel Toldrá.
260 _aBoca Raton, FL :
_bCRC Press,
_c2010
300 _axviii, 19 pages:
_billustrations
336 _atext
_2rdacontent
337 _acomputer
_2rdamedia
338 _aonline resource
_2rdacarrier
500 _aOriginal from book
504 _aIncludes bibliographical references and index.
650 _aFood analysis
_9510
650 _aSeafood
_xAnalysis
_vHandbooks, manuals, etc.
_94262
650 _aSeafood
_xproduct
_vHandbooks, manuals, etc.
_94263
700 _a González, María José
_eauthor
_94416
700 _aGómara, Belén
_eauthor
_94415
700 _aNollet, Leo M. L.,
_eeditor
700 _aToldrá, Fidel.
_eeditor
_93755
856 _zRequest full-text at [email protected]
942 _2lcc
942 _cCHAP
942 _kEBCH 003470
999 _c1596
_d1596